Richest Countries Above Replacement Level - Statistics

General Stats
  • This quiz has been taken 13 times
  • The average score is 6 of 15
Answer Stats
gdp per capita Answer % Correct
288,004 Monaco
100%
64,275 Israel
63%
19,182 Oman
50%
20,754 Panama
50%
35,839 Saudi Arabia
50%
12,605 Dominican Republic
38%
34,307 Guyana
38%
15,527 Kazakhstan
38%
11,387 Turkmenistan
38%
8,116 Belize
25%
8,378 Equatorial Guinea
25%
9,391 Marshall Islands
25%
14,959 Nauru
25%
21,940 Seychelles
25%
9,647 Gabon
13%
No matching quizzes found
Score Distribution
Percent of People with Each Score
Percentile by Number Answered
Your Score History
You have not taken this quiz